Eles, os juz̕es, vistos por ns̤, os advogados

Detalles Bibliográficos
Autor principal: Calamandrei, Piero
Formato: Libro
Lenguaje:portugués
Publicado: Brasil Pillares 2013
Materias:
Acceso en línea:Acceso restringido

MARC

LEADER 00000nam a22000007a 4500
005 2016022606546.0
007 cr|||| ||u|
008 160226s2013 bl ||||| |||| 00||0 por d
020 |a 978-85-8183-009-4 
035 |a 13114 
040 |a vLex 
090 |c 5934  |d 5934 
100 1 |a Calamandrei, Piero  
245 1 0 |a Eles, os juz̕es, vistos por ns̤, os advogados  |h [Recurso electrn̤ico] /  |c Piero Calamandrei 
256 |a Servicio en ln̕ea 
260 |a Brasil  |b Pillares  |c 2013 
300 |a 1 recurso electrn̤ico 
506 1 |a Contenido solo disponible en los productos indicados  |d vLex Global  |d vLex Global (Academic Edition, excluding Law Schools)  |d vLex Global (U.S. Academic Edition, Law Schools)  |d vLex Global (U.S. Academic Edition, excluding Law Schools)  |d vLex Global (Academic Edition, Law Schools) 
650 0 4 |a Derecho 
740 0 |a vLex libros (servicio en ln̕ea)  
856 4 0 |u http://vlex.com/source/eles-os-juizes-vistos-por-nos-os-advogados-13114/info  |z Acceso restringido  
942 |c BOOK 
999 0 |a Law